000 00403 a2200121 4500
001 ART_11756
005 20260410161900.0
008 260409a
245 1 0 _aThe effects of the capital gains tax on selling and switching of common stock
100 1 _aFeldstein, Martin
700 1 _aYitzhaki, Shlomo
773 0 _tJournal of public economics
_g- Vol. 9, NÂș 1 (feb. 1978)
_wREV11485
999 _c25802
_d25802